00714 2200193 4500245005800000020001800058250001100076100002100087700001600108650002000124650001700144005001900161260003000180041001400210084001200224300002800236500024700264336000900511 aKencan Pertama yang MemalukancIsyana ArtharinihText a979-795-894-9 aCet. 2 aIsyana Artharini aDea Anugrah aKumpulan Cerita aKesusastraan a20240215084914 aJakartabMoka Mediac2014 aIndonesia a899.221 a144 hlm :c12,7 x 19 cm aKadang dalam kencan sebagai perempuan saya merasa terpaksa memaklumi kebiasaan para pria untuk memberi kejelasan akan fakta umum yang sudah banyak diketahui tapi toh mereka dengan sok tahu tetap ngotot menjelaskan seolah kami tak tahu apa apa atext